000 00379 a2200145 4500
001 169170
020 _a
040 _cMagnum
100 _aCunha, Manuel Sergio Vieira
240 1 0 _aEducacao fisica ou ciencia da motricidade humana ?
_lpor
245 1 0 _aEducacao fisica ou ciencia da motricidade humana ?
362 0 _a1899
697 _aCIENCIAS MEDICAS SAUDE
942 _cBK
999 _c169170
_d169170